000 00551nam a22001817a 4500
005 20251108174927.0
008 250721s2010 xx 000 0 ara d
082 1 4 _a230/محم
100 1 _aمحمد، أنمار أحمد
245 1 0 _aاللاهوت المسيحي نشأته-طبيعته /
264 1 _aدمشق :
_bدار الزمان للطباعة،
_c2010.
300 _a256ص.
650 1 7 _aاللاهوت
650 1 7 _aاللاهوت الجدلي المسيحي
650 1 7 _aالمسيحية
942 _2ddc
_cBK
999 _c121718
_d121718